000 00419nam a2200157Ia 4500
005 20250329094000.0
008 231217s9999 xx 000 0 und d
020 _a9788131406410
082 _a338.437914 TAH;1 R
100 _aTaher, Nasreen. Swapna Gopalan ed.
245 0 _aIndian film industry : an overview
260 _c2007
_bIcfai
_aHyderabad
300 _av, 249
650 _afilm,overview
942 _cAA
999 _c188403
_d188403